[Event "Champions Challenge 225th"]
[Site "Playchess.com INT"]
[Date "2007.11.17"]
[Round "1.2"]
[White "Jegorovas, Aleksandras"]
[Black "Vinoth Kumar, Madavan"]
[Result "1-0"]
[WhiteElo "2277"]
[BlackElo "2142"]
[PlyCount "79"]
[EventDate "2007.11.17"]
[EventType "k.o. (blitz)"]
[EventRounds "3"]
[EventCountry "GER"]
[SourceTitle "EXT 2010"]
[Source "ChessBase"]
[SourceDate "2010.11.25"]
[SourceVersion "1"]
[SourceVersionDate "2010.11.25"]
[SourceQuality "1"]

1. Nf3 e6 2. c4 Nf6 3. Nc3 c5 4. g3 b6 5. Bg2 Bb7 6. 0-0 Be7 7. e3 0-0 8. b3 d6 9. Bb2 Nbd7 10. d4 cxd4 11. Nxd4 Bxg2 12. Kxg2 Qc7 13. f4 a6 14. Qf3 Nc5 15. g4 e5 16. Nf5 e4 17. Qh3 Nd3 18. Rab1 b5 19. g5 Ne8 20. Nd5 Qa7 21. Ndxe7+ Kh8 22. Qh6 Nxb2 23. Qh3 Nd3 24. g6 fxg6 25. Nxg6+ Kg8 26. Nxf8 Kxf8 27. Qxh7 Nf6 28. Qh8+ Kf7 29. Qxg7+ Ke6 30. Nd4+ Qxd4 31. exd4 Rg8 32. Qxg8+ Nxg8 33. f5+ Kf6 34. cxb5 axb5 35. a4 bxa4 36. bxa4 Ne7 37. a5 Nc6 38. a6 e3 39. Rb6 e2 40. Rxc6 1-0

[Event "Champions Challenge 223rd"]
[Site "Playchess.com INT"]
[Date "2007.11.03"]
[Round "2.1"]
[White "Jagodzinski, Piotr"]
[Black "Vinoth Kumar, Madavan"]
[Result "1-0"]
[WhiteElo "2184"]
[BlackElo "2142"]
[PlyCount "163"]
[EventDate "2007.11.03"]
[EventType "k.o. (blitz)"]
[EventRounds "3"]
[EventCountry "GER"]
[SourceTitle "EXT 2010"]
[Source "ChessBase"]
[SourceDate "2010.11.25"]
[SourceVersion "1"]
[SourceVersionDate "2010.11.25"]
[SourceQuality "1"]

1. e4 e6 2. Nf3 d5 3. exd5 exd5 4. d4 Bg4 5. Bd3 Nd7 6. c3 Bd6 7. 0-0 Ne7 8. Nbd2 Nf6 9. Qc2 0-0 10. Ne5 Bh5 11. Ndf3 c6 12. Bg5 Ng6 13. Rae1 Re8 14. h3 Bxf3 15. Nxf3 h6 16. Rxe8+ Qxe8 17. Bxf6 gxf6 18. Re1 Qf8 19. Bxg6 fxg6 20. Qxg6+ Qg7 21. Qd3 Qf7 22. g3 Re8 23. Rxe8+ Qxe8 24. Kg2 Kg7 25. Nh4 Bf8 26. Nf5+ Kf7 27. g4 Qe6 28. b3 a5 29. c4 a4 30. c5 a3 31. b4 Qe1 32. Qxa3 h5 33. Ng3 hxg4 34. hxg4 Qd2 35. Nf5 Qf4 36. Qf3 Qg5 37. a4 Qd2 38. b5 Qb4 39. bxc6 bxc6 40. Qf4 Qxa4 41. Qc7+ Kg6 42. Nh4+ Kg5 43. Kg3 Qb3+ 44. f3 Qe3 45. Qf7 Qe1+ 46. Kg2 Qxh4 47. Qxf8 Kf4 48. Qd6+ Ke3 49. Qe6+ Kxd4 50. Qxc6 Qg5 51. Qd6 Qd2+ 52. Kg3 Qe1+ 53. Kh3 Qh1+ 54. Kg3 Qg1+ 55. Kh3 Ke3 56. Qg3 Qh1+ 57. Qh2 Qxf3+ 58. Qg3 d4 59. c6 d3 60. c7 d2 61. c8Q Qxg3+ 62. Kxg3 d1Q 63. Qe6+ Kd2 64. Qd6+ Ke2 65. Qxd1+ Kxd1 66. Kf4 Kd2 67. Kf5 Ke3 68. Kxf6 Kf4 69. g5 Ke4 70. g6 Kd5 71. g7 Kc6 72. g8Q Kb6 73. Qf7 Kb5 74. Qe6 Kc5 75. Qe5+ Kc6 76. Ke6 Kb6 77. Qd5 Kc7 78. Qd6+ Kb7 79. Kd7 Ka8 80. Qb4 Ka7 81. Kc7 Ka6 82. Qa4# 1-0

[Event "Champions Challenge 220th"]
[Site "Playchess.com INT"]
[Date "2007.10.13"]
[Round "1.2"]
[White "Jegorovas, Aleksandras"]
[Black "Vinoth Kumar, Madavan"]
[Result "0-1"]
[WhiteElo "2277"]
[BlackElo "2142"]
[PlyCount "122"]
[EventDate "2007.10.13"]
[EventType "k.o. (blitz)"]
[EventRounds "5"]
[EventCountry "GER"]
[SourceTitle "EXT 2010"]
[Source "ChessBase"]
[SourceDate "2010.11.25"]
[SourceVersion "1"]
[SourceVersionDate "2010.11.25"]
[SourceQuality "1"]

1. d4 e6 2. c4 c5 3. Nf3 Nf6 4. g3 b6 5. Bg2 Bb7 6. 0-0 cxd4 7. Qxd4 d6 8. Nc3 Be7 9. Rd1 a6 10. Bg5 Nbd7 11. Ne1 Qc7 12. Bxb7 Qxb7 13. Bxf6 Nxf6 14. Na4 b5 15. cxb5 axb5 16. Nc3 0-0 17. a3 Rfc8 18. Ng2 d5 19. Ne3 Bc5 20. Qd3 b4 21. axb4 Rxa1 22. Rxa1 Qxb4 23. Ned1 Ng4 24. h3 Nf6 25. Ra4 Qb6 26. Qb5 Qxb5 27. Nxb5 Rb8 28. Nbc3 h5 29. e3 Nd7 30. Kg2 Ne5 31. Ra5 Be7 32. Ra7 Bf6 33. Ne2 h4 34. gxh4 Nc4 35. h5 Nxb2 36. Nxb2 Rxb2 37. Nf4 d4 38. Kf3 Rb3 39. Ra8+ Kh7 40. Ra7 dxe3 41. fxe3 Bd4 42. Rxf7 Rxe3+ 43. Kg4 Bf6 44. Ng6 Rd3 45. Rf8 Rd8 46. Rxd8 Bxd8 47. Nf8+ Kh6 48. Nxe6 Bf6 49. Nc5 Kh7 50. Nd3 Kh6 51. Nf2 Kh7 52. Ne4 Ba1 53. Ng3 Kh6 54. Nf5+ Kh7 55. Kg5 Bb2 56. Ne7 Bf6+ 57. Kf5 Bxe7 58. Ke6 Bf6 59. Kf5 Kh6 60. Kg4 Bg5 61. h4 Bf6 0-1

[Event "Champions Challenge 220th"]
[Site "Playchess.com INT"]
[Date "2007.10.13"]
[Round "1.1"]
[White "Vinoth Kumar, Madavan"]
[Black "Jegorovas, Aleksandras"]
[Result "0-1"]
[WhiteElo "2142"]
[BlackElo "2277"]
[PlyCount "82"]
[EventDate "2007.10.13"]
[EventType "k.o. (blitz)"]
[EventRounds "5"]
[EventCountry "GER"]
[SourceTitle "EXT 2010"]
[Source "ChessBase"]
[SourceDate "2010.11.25"]
[SourceVersion "1"]
[SourceVersionDate "2010.11.25"]
[SourceQuality "1"]

1. d4 Nf6 2. c4 c5 3. d5 b5 4. cxb5 a6 5. b6 Qxb6 6. Nc3 d6 7. Nf3 g6 8. Nd2 Bg7 9. e4 0-0 10. Be2 Nbd7 11. 0-0 Rb8 12. a4 Qb4 13. a5 Ne8 14. Ra3 Qb7 15. f4 Nc7 16. Nc4 Nb5 17. Nxb5 axb5 18. a6 Qa7 19. Na5 Qxa6 20. Nc6 Qb6 21. Nxb8 Qxb8 22. Be3 Bxb2 23. Rb3 Bg7 24. Rxb5 Qc7 25. Qb3 Ba6 26. Rb1 Bxb5 27. Bxb5 Nf6 28. Qc4 Rb8 29. Rc1 Nxe4 30. Qxe4 Rxb5 31. f5 Qb7 32. fxg6 hxg6 33. Bg5 Bf6 34. Bxf6 exf6 35. Rf1 Kg7 36. Qf4 Qe7 37. h4 Rb4 38. Qg3 Qe5 39. Qf2 Qd4 40. g3 Qxf2+ 41. Rxf2 Rd4 0-1

[Event "Champions Challenge 220th"]
[Site "Playchess.com INT"]
[Date "2007.10.13"]
[Round "1.3"]
[White "Vinoth Kumar, Madavan"]
[Black "Jegorovas, Aleksandras"]
[Result "0-1"]
[WhiteElo "2142"]
[BlackElo "2277"]
[PlyCount "84"]
[EventDate "2007.10.13"]
[EventType "k.o. (blitz)"]
[EventRounds "5"]
[EventCountry "GER"]
[SourceTitle "EXT 2010"]
[Source "ChessBase"]
[SourceDate "2010.11.25"]
[SourceVersion "1"]
[SourceVersionDate "2010.11.25"]
[SourceQuality "1"]

1. d4 d5 2. c4 c6 3. Nf3 Nf6 4. Nc3 a6 5. c5 Bf5 6. Bf4 e6 7. e3 Nbd7 8. Be2 Be7 9. Ne5 0-0 10. 0-0 Ne4 11. f3 Nxc3 12. bxc3 Nxe5 13. Bxe5 Bf6 14. Bg3 Re8 15. Qb3 Qd7 16. c4 dxc4 17. Bxc4 e5 18. Rad1 exd4 19. exd4 Be6 20. Kh1 Bxc4 21. Qxc4 Rad8 22. Bd6 Be7 23. Be5 Bf8 24. Rb1 Kh8 25. Rb4 f6 26. Bg3 b5 27. cxb6 Bxb4 28. Qxb4 Qxd4 29. Qxd4 Rxd4 30. Rb1 Red8 31. Rg1 Rb4 32. Bc7 Rd2 33. h3 Rdb2 34. Rd1 Rb1 35. Rxb1 Rxb1+ 36. Kh2 Kg8 37. a4 a5 38. Kg3 Kf7 39. Kf4 Ke6 40. Ke4 Rb4+ 41. Kd3 Kd7 42. g4 Rxa4 0-1

[Event "Champions Challenge 219th"]
[Site "Playchess.com INT"]
[Date "2007.10.06"]
[Round "2.3"]
[White "Novoselski, Zoran"]
[Black "Vinoth Kumar, Madavan"]
[Result "1-0"]
[WhiteElo "2375"]
[BlackElo "2142"]
[PlyCount "81"]
[EventDate "2007.10.06"]
[EventType "k.o. (blitz)"]
[EventRounds "4"]
[EventCountry "GER"]
[SourceTitle "EXT 2010"]
[Source "ChessBase"]
[SourceDate "2010.11.25"]
[SourceVersion "1"]
[SourceVersionDate "2010.11.25"]
[SourceQuality "1"]

1. e4 e6 2. d4 d5 3. Nc3 Bb4 4. Bd3 c5 5. a3 Bxc3+ 6. bxc3 Nc6 7. Qg4 Nf6 8. Qxg7 Rg8 9. Qh6 dxe4 10. Bb5 cxd4 11. Bg5 Rg6 12. Qh4 Qa5 13. Rb1 Qxc3+ 14. Kf1 d3 15. cxd3 exd3 16. Nf3 Bd7 17. Rd1 0-0-0 18. Bxd3 Rdg8 19. Bxg6 Rxg6 20. Bxf6 Rxf6 21. Qxh7 Rxf3 22. Qg8+ Kc7 23. gxf3 Ne5 24. Qg3 Bb5+ 25. Kg2 Bc6 26. Rc1 Qb2 27. Rhe1 f6 28. Rxe5 fxe5 29. Re1 Qxa3 30. Rxe5 Qd6 31. Rg5 Qxg3+ 32. Kxg3 Bd5 33. h4 a5 34. h5 Bc4 35. h6 Bd3 36. Rxa5 Kc6 37. Re5 Kd6 38. Re3 Bg6 39. Kf4 Ke7 40. Kg5 Bf5 41. Rb3 1-0